Statistics for The Kardashians by pictures

Click here to take the quiz!

General Stats

  • This quiz has been taken 46 times
  • The average score is 9 of 10

Answer Stats

Answer% Correct
Kim
100%
Kris
100%
Kylie
100%
Khloe
98%
Kendall
95%
Kourtney
95%
Rob
91%
Caitlyn
88%
Scott
86%
Robert
84%

Score Distribution

Percentile by Number Answered

Percent of People with Each Score

Your Score History

You have not taken this quiz